Beitrèage sur histologie und pathologenese der alveolarpyorrhoe / (Record no. 64145)

MARC details
000 -LEADER
campo de control de longitud fija 00660nam a2200193 i 4500
001 - NÚMERO DE CONTROL
campo de control 64145
003 - IDENTIFICADOR DE NÚMERO DE CONTROL
campo de control ES-MaACL
005 - FECHA Y HORA DE LA ÚLTIMA TRANSACCIÓN
campo de control 20230906165043.0
007 - CAMPO FIJO DE DESCRIPCIÓN FÍSICA--INFORMACIÓN GENERAL
campo de control de longitud fija t|
008 - DATOS DE LONGITUD FIJA--INFORMACIÓN GENERAL
campo de control de longitud fija 031222s1920 gw ||||1| ger d
100 1# - ENTRADA PRINCIPAL--NOMBRE DE PERSONA
Nombre de persona Fleischmann, L.
9 (RLIN) 51155
245 10 - MENCIÓN DEL TÍTULO
Título Beitrèage sur histologie und pathologenese der alveolarpyorrhoe /
Mención de responsabilidad, etc. von L. Fleischmann und B. Gottlieb.
260 ## - PUBLICACIÓN, DISTRIBUCIÓN, ETC.
Lugar de publicación, distribución, etc. Berlin :
Nombre del editor, distribuidor, etc. [s.n.],
Fecha de publicación, distribución, etc. 1920.
490 1# - MENCIÓN DE SERIE
Mención de serie Sanderdruck aus Osterreichirche zeitschriff für stomatologie
700 1# - ENTRADA AGREGADA--NOMBRE PERSONAL
Nombre de persona Gottlieb, B.
9 (RLIN) 59298
830 0# - PUNTO DE ACCESO ADICIONAL DE SERIE-TÍTULO UNIFORME
Título uniforme Sanderdruck aus Osterreichirche zeitschriff für stomatologie
9 (RLIN) 230701
852 ## - LOCALIZACIÓN
Ubicación ES-MaACL
Número de control de estantería 1526-F-25
Holdings
Estatus retirado Estado de pérdida Estado de daño No para préstamo Colección Biblioteca de origen Biblioteca actual Ubicación en estantería Fecha de adquisición Fuente de adquisición Total de préstamos Signatura topográfica completa Código de barras Visto por última vez Precio de reemplazo Tipo de ítem Koha
        Colección de folletos Biblioteca del Ateneo de Madrid Biblioteca del Ateneo de Madrid Depósito folletos 17/01/2008     1526-F-25 1067223 23/02/2023 23/02/2023 Folleto